| 000 | 00628nam a2200169 a 4500 | ||
|---|---|---|---|
| 008 | 120416s1976 ||||||||||||||||| || u | ||
| 020 | _a0340171936 | ||
| 050 | _aHC 79.E5 Env | ||
| 100 | _aHolmes, Nicholas | ||
| 245 | 1 | 0 |
_aEnvironment and the industrial society _cedited by Nicholas Holmes |
| 260 |
_aLondon _bHodder and Stoughton _c1976 |
||
| 300 | _a249p. : ill. | ||
| 350 | _a0.00 | ||
| 650 | _aENVIRONMENT | ||
| 650 | _aINDUSTRIALIZATION--ENVIRONMENTAL ASPECTS | ||
| 995 |
_D0.00 _FCBU-MAIN LIBRARY (Kitwe) _H1 _I4.50 _M1 _UAVAILABLE _ZMain Library Open Access Collection |
||
| 999 |
_c42144 _d42144 |
||